ბათუმის შოთა რუსთაველის სახელმწიფო უნივერსიტეტის ბიბლიოთეკა

ავტოსატრანსპორტო საწარმოების დაპროექტება : (ბიბ.ჩანაწერი № 38809)

000 -ლიდერი
ფიქსირებული სიგრძის საკონტროლო ველი 01693nam a2200241Ia 4500
001 - საკონტროლო ნომერი
საკონტროლო ველი 5178
003 - საკონტროლო ნომრის იდენტიფიკატორი
საკონტროლო ველი GE_BSU
005 - ბოლო ოპერაციის თარიღი და დრო
საკონტროლო ველი 20190529214125.0
008 - ფიქსირებული სიგრძის მონაცემთა ელემენტები - ზოგადი ინფორმაცია
ფიქსირებული სიგრძის საკონტროლო ველი 181216s1980||||ge |||||||||||||| ||geo||
040 ## - კატალოგიზაციის წყარო
Transcribing agency GE_BSU
041 ## - ენის კოდი
Language code of text/sound track or separate title geo
080 ## - უნივერსალური ათობითი კლასიფიკაციის ინდექსი
Universal Decimal Classification number 725.382.011(072) ა-34
245 ## - ცნობა სათაურის შესახებ
Title ავტოსატრანსპორტო საწარმოების დაპროექტება :
Remainder of title მეთოდური მითითებები სადიპლომო პროექტის ტექნოლოგიური ნაწილის შესასრულებლად ავტომობილების ტექნიკურ ექსპლუატაციაში /
Statement of responsibility, etc შემდგ. ხ. ხმიადაშვილი ; რედ. ე. გიორგაძე.
264 ## - წარმოების, გამოცემის, დისტრიბუციის და სხვა ცნობები
გამოცემის, წარმოების, დისტრიბუციის... ადგილი თბილისი :
გამოცემის, წარმოების, დისტრიბუციის... სახელწოდება სპი,
გამოცემის, წარმოების, დისტრიბუციის... თარიღი 1980.
300 ## - ფიზიკური აღწერა
Extent 71. გვ. ;
Dimensions 20 სმ.
300 ## - ფიზიკური აღწერა
Accompanying material ბიბლიოგრ.: გვ.69-70.
504 ## - BIBLIOGRAPHY, ETC. NOTE
Bibliography, etc ბიბლიოგრ. : გვ.69-70.
653 ## - INDEX TERM--UNCONTROLLED
Uncontrolled term ავტოსატრანსპორტო საწარმოების დაპროექტება
653 ## - INDEX TERM--UNCONTROLLED
Uncontrolled term მეთოდური მითითებები სადიპლომო პროექტის ტექნოლოგიური ნაწილის შესასრულებლად ავტომობილების ტექნიკურ ექსპლუატაციაში
700 ## - ADDED ENTRY--PERSONAL NAME
Personal name ხმიადაშვილი, ხ.
Relator term შემდგენელი
9 (RLIN) 1826
700 ## - ADDED ENTRY--PERSONAL NAME
Personal name გიორგაძე, ე.
Relator term რედაქტორი
9 (RLIN) 398
942 ## - ADDED ENTRY ELEMENTS (KOHA)
Koha item type წიგნი
Source of classification or shelving scheme
ეგზემპლარები
ჩამოწერის სტატუსი დაკარგული ეგზემპლარის სტატუსი კლასიფიკაციის წყარო ან თაროზე გაწყობის სქემა დაზიანების სტატუსი არ გაიცემა მუდმივი მდებარეობა (დაცვის ადგილი) ამჟამინდელი ადგილსამყოფელი თაროზე განთავსების ადგილი შეძენის თარიღი ღირებულება, შესყიდვის ნორმალური ფასი სრული შენახვის შიფრი შტრიხკოდი ბოლო ოპერაციის თარიღი ეგზემპლარის მიმდევრობითი ნომერი (კეტერი?) ფასის ძალაში შესვლის თარიღი ეგზემპლარის სახეობა საჯარო შენიშვნა
          ტექნოლოგიური ფაკულტეტის ბიბლიოთეკა ტექნოლოგიური ფაკულტეტის ბიბლიოთეკა წიგნსაცავი 2018-12-17 0.70 725.382.011(072) ა-34 12030 2018-12-17 12030 2018-12-17 წიგნი 0.70 ლ.
          ტექნოლოგიური ფაკულტეტის ბიბლიოთეკა ტექნოლოგიური ფაკულტეტის ბიბლიოთეკა წიგნსაცავი 2018-12-17 0.70 725.382.011(072) ა-34 12031 2018-12-17 12031 2018-12-17 წიგნი 0.70 ლ.
          ტექნოლოგიური ფაკულტეტის ბიბლიოთეკა ტექნოლოგიური ფაკულტეტის ბიბლიოთეკა წიგნსაცავი 2018-12-17 0.70 725.382.011(072) ა-34 12032 2018-12-17 12032 2018-12-17 წიგნი 0.70 ლ.